000 00676cam a2200241 4500
001 A531
008 090401t1994 xxu||||| |||| 00| 0 eng d
035 _a(Sirsi) u95495
041 _aeng
110 _aRoyal Institution of Chartered Surveyors
_94900
245 _aAccess to local authority and housing association tenancies
260 _bRICS
_c1994
300 _a6p
350 _a3
490 _aRICS Memorandum
_vGCPPA/Report(94)6
520 _aComments prepared in response to a DoE consultation paper.
650 _aHOMELESS PEOPLE
650 _aHOUSING NEED ASSESSMENT
650 _aRICS RESPONSE
690 _aHOUSING
942 _n0
948 _c04/03/1997
999 _c98507
_d98507